000 00548cam a22002171 4500
001 sa 67000658
003 DLC
005 20260227112316.0
008 890724s1966 ii 000 0 orio
010 _asa 67000658
035 _a(OCoLC)20059822
040 _aDLC
_cWaU
_dDLC
042 _apremarc
050 0 0 _aPK2570.5
_b.B4
100 1 _aBehera, Krishna Charan,
_d1932-
245 1 0 _aAśḷiḷatā bipakshare o anyānya prabandha.
260 _c[1966]
300 _a114 p.
_c19 cm.
500 _aIn Oriya.
650 0 _aOriya literature.
999 _c72124
_d72124